| 000 | 00342nam a22001217a 4500 | ||
|---|---|---|---|
| 020 | _a9781480257146 | ||
| 082 |
_a340.07 _bRUT |
||
| 100 | _aRutledge, Anne | ||
| 245 |
_aBasic Legal Drafting: _bLitigation Documents, Contracts, Legislative Documents / _cAnne Rutledge |
||
| 300 |
_a139 p. ; _c28 cm. |
||
| 563 | _aPBK. | ||
| 942 |
_2ddc _cBK |
||
| 999 |
_c590492 _d590492 |
||